Statistics for Actors who've played Dracula on Film or TV

Click here to take the quiz!

General Stats

  • This quiz has been taken 116 times
    (50 since last reset)
  • The average score is 14 of 50

Answer Stats

TitleCategoryYearAnswer% Correct
Taste the Blood of DraculaFilm1970Christopher Lee
88%
Dracula: Prince of DarknessFilm1966Christopher Lee
88%
Dracula and SonFilm1976Christopher Lee
88%
The Satanic Rites of DraculaFilm1973Christopher Lee
88%
Dracula TodayFilm1972Christopher Lee
88%
Scars of DraculaFilm1970Christopher Lee
88%
Count DraculaFilm1970Christopher Lee
88%
DraculaFilm1958Christopher Lee
88%
Dracula Has Risen from the GraveFilm1968Christopher Lee
88%
DraculaFilm1931Bela Lugosi
78%
Bud Abbott Lou Costello meet FrankensteinFilm1948Bela Lugosi
78%
DraculaFilm1992Gary Oldman
65%
Dracula: Dead and Loving ItFilm1995Leslie Nielsen
40%
Nosferatu (cast as Count Orlok)Film1922Max Schreck
40%
Dracula UntoldFilm2014Luke Evans
38%
DraculaFilm1979Frank Langella
28%
DraculaTV2020Claes Bang
23%
Nosferatu the VampyreFilm1979Klaus Kinski
23%
Son of DraculaFilm1943Lon Chaney Jr.
23%
Dracula 2000Film2000Gerard Butler
20%
Love at First BiteFilm1979George Hamilton
18%
Van HelsingFilm2004Richard Roxburgh
18%
DraculaTV1974Jack Palance
15%
Shadow of the Vampire (cast as Max Schreck, playing Count Orlok in Nosferatu)Film2020Willem Dafoe
13%
Blade: Trinity (cast as Drake)Film2004Dominic Purcell
10%
NocturnaFilm1979John Carradine
10%
Billy the Kid vs. DraculaFilm1966John Carradine
10%
House of FrankensteinFilm1944John Carradine
10%
House of DraculaFilm1945John Carradine
10%
Matinee Theatre "Dracula"TV1956John Carradine
10%
Blood for DraculaFilm1974Udo Kier
10%
Dracula III: Legacy (cast as Dracula III)Film2005Rutger Hauer
8%
DraculaFilm2012Thomas Kretschmann
8%
Mystery and ImaginationTV1968Denholm Elliott
5%
Great Performances "Count Dracula"TV1977Louis Jourdan
5%
DraculaTV2002Patrick Bergin
5%
Dracula II: AscensionFilm2003Stephen Billington
5%
Dracula III: Legacy (cast as Dracula II)Film2005Stephen Billington
5%
Blood of Dracula's CastleFilm1969Alexander D'Arcy
3%
Dracula in IstanbulFilm1953Atif Kaptan
3%
DraculaFilm1931Carlos Villarias
3%
VampiraFilm1975David Niven
3%
The Monster SquadFilm1987Duncan Regehr
3%
Freckled Max and the SpooksFilm1987Ferdy Mayne
3%
Night Gallery "A Question of Fear"TV1971Francis Lederer
3%
The Legend of the 7 Golden VampiresFilm1984John Forbes Robertson
3%
Van HelsingTV2021Tricia Helfer
3%
Night PeopleFilm2005Alastair Bruce
0%
DraculaFilm2019Jason Woolery
0%
DraculaTV2006Marc Warren
0%

Score Distribution

Percentile by Number Answered

Percent of People with Each Score

Your Score History

You have not taken this quiz since the last reset